The Jacobite risings in Britain, 1689-1746 / (Record no. 59)

MARC details
000 -LEADER
fixed length control field 01089nam a2200325 a 4500
001 - CONTROL NUMBER
control field 1627923
003 - CONTROL NUMBER IDENTIFIER
control field OSt
005 - DATE AND TIME OF LATEST TRANSACTION
control field 20200421093817.0
008 - FIXED-LENGTH DATA ELEMENTS--GENERAL INFORMATION
fixed length control field 951003r19951980stk b 001 0 eng
010 ## - LIBRARY OF CONGRESS CONTROL NUMBER
LC control number 95210444
020 ## - INTERNATIONAL STANDARD BOOK NUMBER
International Standard Book Number 189821820X
040 ## - CATALOGING SOURCE
Original cataloging agency DLC
Transcribing agency DLC
043 ## - GEOGRAPHIC AREA CODE
Geographic area code e-uk---
-- e-uk-st
050 00 - LIBRARY OF CONGRESS CALL NUMBER
Classification number DA813
Item number .L4 1995
082 00 - DEWEY DECIMAL CLASSIFICATION NUMBER
Classification number 941.07/1
Edition information 20
100 1# - MAIN ENTRY--PERSONAL NAME
Personal name Lenman, Bruce.
9 (RLIN) 32
245 14 - TITLE STATEMENT
Title The Jacobite risings in Britain, 1689-1746 /
Statement of responsibility, etc. Bruce Lenman.
260 ## - PUBLICATION, DISTRIBUTION, ETC.
Place of publication, distribution, etc. Aberdeen :
Name of publisher, distributor, etc. Scottish Cultural Press,
Date of publication, distribution, etc. 1995.
300 ## - PHYSICAL DESCRIPTION
Extent 320 p. ;
Dimensions 24 cm.
504 ## - BIBLIOGRAPHY, ETC. NOTE
Bibliography, etc. note Includes bibliographical references (p. [292]-314) and index.
650 #0 - SUBJECT ADDED ENTRY--TOPICAL TERM
Topical term or geographic name entry element Jacobite Rebellion, 1715.
9 (RLIN) 685
650 #0 - SUBJECT ADDED ENTRY--TOPICAL TERM
Topical term or geographic name entry element Jacobite Rebellion, 1719.
9 (RLIN) 686
650 #0 - SUBJECT ADDED ENTRY--TOPICAL TERM
Topical term or geographic name entry element Jacobite Rebellion, 1745-1746.
650 #0 - SUBJECT ADDED ENTRY--TOPICAL TERM
Topical term or geographic name entry element Jacobites.
9 (RLIN) 33
651 #0 - SUBJECT ADDED ENTRY--GEOGRAPHIC NAME
Geographic name Great Britain
General subdivision History
Chronological subdivision 1689-1714.
9 (RLIN) 688
651 #0 - SUBJECT ADDED ENTRY--GEOGRAPHIC NAME
Geographic name Great Britain
General subdivision History
Chronological subdivision 18th century.
9 (RLIN) 689
906 ## - LOCAL DATA ELEMENT F, LDF (RLIN)
a 7
b cbc
c orignew
d 3
e ncip
f 19
g y-gencatlg
942 ## - ADDED ENTRY ELEMENTS (KOHA)
Source of classification or shelving scheme Dewey Decimal Classification
Koha item type Books
Holdings
Withdrawn status Lost status Damaged status Not for loan Collection Home library Current library Shelving location Date acquired Barcode Date last seen Price effective from Koha item type
        Reference Fairview Fairview General stacks 09/04/2014 39999000002393 09/04/2014 09/04/2014 Books